00314nam a2200121Ia 4500008004100000040001600041041001200057082001700069100001800086245004000104260003700144300001100181230917s9999||||xx |||||||||||||| ||und|| e86184aMAIN aEnglish a940.54 C364H achant, Christ 0aHitler's generals and their battles aLondonbA Salamander Booksc1977 a243 p.